[Event "SVR-ch MAT-II 35th"]
[Site "Nickenich"]
[Date "2012.04.05"]
[Round "7"]
[White "Usczeck, Lukas"]
[Black "Hardt, Bernd"]
[Result "0-1"]
[WhiteElo "1708"]
[BlackElo "2042"]
[PlyCount "58"]
[EventDate "2012.03.30"]
[EventType "tourn"]
[EventRounds "9"]
[EventCountry "GER"]
[SourceTitle "EXT 2013"]
[Source "ChessBase"]
[SourceDate "2012.11.22"]
[SourceVersion "1"]
[SourceVersionDate "2012.11.22"]
[SourceQuality "1"]

1. d4 Nf6 2. Nf3 g6 3. c4 Bg7 4. Nc3 0-0 5. e4 d6 6. Bg5 c6 7. h3 Qc7 8. Bd3 Nbd7 9. 0-0 a6 10. Rc1 e5 11. d5 c5 12. g4 h5 13. Bxf6 Nxf6 14. g5 Nh7 15. h4 Bh3 16. Re1 Qd7 17. Nh2 f5 18. f3 fxe4 19. Bxe4 Rf4 20. Bxg6 Rxh4 21. Re4 Qe7 22. Bxh7+ Kxh7 23. Rxh4 Qxg5+ 24. Rg4 Qe3+ 25. Kh1 hxg4 26. Nxg4 Bxg4 27. fxg4 Qh3+ 28. Kg1 Bh6 29. Qc2+ Kg7 0-1

[Event "SVR-ch MAT-II 35th"]
[Site "Nickenich"]
[Date "2012.04.01"]
[Round "5"]
[White "Buerger, Helmut"]
[Black "Hardt, Bernd"]
[Result "1-0"]
[WhiteElo "1986"]
[BlackElo "2042"]
[PlyCount "49"]
[EventDate "2012.03.30"]
[EventType "tourn"]
[EventRounds "9"]
[EventCountry "GER"]
[SourceTitle "EXT 2013"]
[Source "ChessBase"]
[SourceDate "2012.11.22"]
[SourceVersion "1"]
[SourceVersionDate "2012.11.22"]
[SourceQuality "1"]

1. e4 c6 2. d4 d5 3. Nc3 dxe4 4. Nxe4 Bf5 5. Ng3 Bg6 6. Nf3 Nd7 7. Bd3 Bxd3 8. Qxd3 e6 9. Bf4 Qa5+ 10. c3 Ngf6 11. 0-0 Be7 12. b4 Qd8 13. a3 Nd5 14. Bd2 Qc7 15. Ne2 Bd6 16. g3 b5 17. Rfc1 N7b6 18. a4 Nc4 19. Ng5 h6 20. Ne4 Be7 21. axb5 cxb5 22. Nf4 0-0 23. Ra6 Nxd2 24. Qxd2 Nxb4 25. cxb4 1-0

[Event "SVR-ch MAT-I 33rd"]
[Site "Mendig"]
[Date "2010.04.03"]
[Round "9"]
[White "Hardt, Bernd"]
[Black "Welsch, Dieter"]
[Result "1-0"]
[WhiteElo "1875"]
[BlackElo "1678"]
[PlyCount "123"]
[EventDate "2010.03.26"]
[EventType "tourn"]
[EventRounds "9"]
[EventCountry "GER"]
[SourceTitle "EXT 2011"]
[Source "ChessBase"]
[SourceDate "2010.11.26"]
[SourceVersion "1"]
[SourceVersionDate "2010.11.26"]
[SourceQuality "1"]

1. Nf3 Nf6 2. d4 d5 3. c4 c6 4. Nc3 e6 5. Bg5 Be7 6. e3 Nbd7 7. Qc2 h6 8. Bh4 dxc4 9. Bxc4 Nb6 10. Bb3 Nbd5 11. Rd1 Qa5 12. 0-0 Nxc3 13. bxc3 0-0 14. e4 Qd8 15. Rfe1 Re8 16. a4 b6 17. Bxf6 Bxf6 18. e5 Be7 19. Qe4 Bb7 20. Bc2 g6 21. Qg4 Kg7 22. Be4 Qd7 23. h4 h5 24. Qf4 Qd8 25. c4 Rf8 26. Qg3 Qe8 27. Ng5 Bxg5 28. hxg5 Qe7 29. Qf4 Rac8 30. Re3 Ba6 31. d5 cxd5 32. cxd5 exd5 33. Rxd5 Rc4 34. Qf6+ Qxf6 35. exf6+ Kg8 36. Rd7 Rxa4 37. Rxa7 Bb5 38. Rb7 Bc4 39. Rxb6 Ra5 40. f4 Re8 41. Rb4 Be6 42. Bd3 Raa8 43. Rb7 Bd5 44. Rbe7 Kf8 45. Bb5 Reb8 46. Bd3 Ra2 47. Be4 Bxe4 48. R3xe4 Raa8 49. Re2 Re8 50. Kf2 Rxe7 51. Rxe7 Ra3 52. Re3 Rxe3 53. Kxe3 Ke8 54. f5 gxf5 55. Kf4 Kf8 56. Kxf5 h4 57. Kg4 Kg8 58. Kxh4 Kh7 59. Kh5 Kg8 60. g6 fxg6+ 61. Kxg6 Kh8 62. Kf7 1-0

[Event "SVR-ch MAT-I 33rd"]
[Site "Mendig"]
[Date "2010.03.26"]
[Round "1"]
[White "Barzen, Pascal"]
[Black "Hardt, Bernd"]
[Result "1/2-1/2"]
[WhiteElo "1868"]
[BlackElo "1875"]
[PlyCount "34"]
[EventDate "2010.03.26"]
[EventType "tourn"]
[EventRounds "9"]
[EventCountry "GER"]
[SourceTitle "EXT 2011"]
[Source "ChessBase"]
[SourceDate "2010.11.26"]
[SourceVersion "1"]
[SourceVersionDate "2010.11.26"]
[SourceQuality "1"]

1. e4 c6 2. d4 d5 3. exd5 cxd5 4. c4 Nf6 5. Nc3 e6 6. Nf3 Bb4 7. Bd3 Nc6 8. 0-0 dxc4 9. Bxc4 0-0 10. Bg5 Be7 11. Rc1 b6 12. Qd2 Bb7 13. Bd3 Nb4 14. Be2 Nbd5 15. Nxd5 Nxd5 16. Bxe7 Qxe7 17. Ne5 Rac8 1/2-1/2

[Event "SVR-ch MAT-II 30th"]
[Site "Nickenich"]
[Date "2007.04.06"]
[Round "8"]
[White "Hardt, Bernd"]
[Black "Klein, Maximilian"]
[Result "0-1"]
[WhiteElo "1831"]
[BlackElo "1734"]
[PlyCount "82"]
[EventDate "2007.03.30"]
[EventType "tourn"]
[EventRounds "9"]
[EventCountry "GER"]
[SourceTitle "EXT 2009"]
[Source "ChessBase"]
[SourceDate "2008.11.26"]
[SourceVersion "1"]
[SourceVersionDate "2008.11.26"]
[SourceQuality "1"]

1. Nf3 d5 2. d4 Nf6 3. c4 c6 4. g3 Bf5 5. Bg2 e6 6. 0-0 Nbd7 7. Nc3 dxc4 8. Nh4 Bb4 9. Nxf5 exf5 10. Qc2 g6 11. e4 Bxc3 12. bxc3 fxe4 13. Ba3 Qc7 14. Rab1 0-0-0 15. Qa4 b5 16. Qc2 Rde8 17. Bc1 h6 18. a4 a6 19. Bf4 Qb7 20. axb5 cxb5 21. Ra1 g5 22. Bd6 Re6 23. Bb4 Rhe8 24. Rfd1 Nd5 25. Bh3 Nxb4 26. cxb4 Rd6 27. Qe2 Rf8 28. Bf5 Re8 29. f3 e3 30. Be4 Qb6 31. d5 Nf6 32. Bf5+ Kc7 33. Ra3 Rxd5 34. Rxd5 Nxd5 35. Be4 Nxb4 36. Kf1 a5 37. g4 a4 38. Rxe3 Nd5 39. Ra3 Nf4 40. Qc2 Qd6 41. Ra1 Rd8 0-1

[Event "SVR-ch MAT-II 30th"]
[Site "Nickenich"]
[Date "2007.04.05"]
[Round "6"]
[White "Grabinski, Robert"]
[Black "Hardt, Bernd"]
[Result "1/2-1/2"]
[WhiteElo "1789"]
[BlackElo "1831"]
[PlyCount "81"]
[EventDate "2007.03.30"]
[EventType "tourn"]
[EventRounds "9"]
[EventCountry "GER"]
[SourceTitle "EXT 2009"]
[Source "ChessBase"]
[SourceDate "2008.11.26"]
[SourceVersion "1"]
[SourceVersionDate "2008.11.26"]
[SourceQuality "1"]

1. e4 c5 2. c3 Nf6 3. e5 Nd5 4. d4 cxd4 5. cxd4 e6 6. Nf3 Nc6 7. Bc4 Nb6 8. Bb3 d6 9. 0-0 dxe5 10. dxe5 Qc7 11. Nc3 Nxe5 12. Bf4 Nxf3+ 13. Qxf3 Qc6 14. Qg3 Qc5 15. Rac1 Qh5 16. Ne4 Qg6 17. Qe3 Bd7 18. Bc2 Nd5 19. Qf3 f5 20. Nd6+ Bxd6 21. Bxd6 Kf7 22. Bb3 Bc6 23. Qg3 Qxg3 24. Bxg3 Rac8 25. Bxd5 Bxd5 26. b3 Rhe8 27. Be5 g5 28. f4 Rxc1 29. Rxc1 gxf4 30. Rc7+ Re7 31. Rxe7+ Kxe7 32. Bxf4 Kf6 33. Bb8 a6 34. Kf2 e5 35. g3 Kg5 36. Bxe5 Kg4 37. h4 b5 38. Bf4 a5 39. Bc7 a4 40. bxa4 bxa4 41. a3 1/2-1/2

[Event "SVR-ch MAT-II 30th"]
[Site "Nickenich"]
[Date "2007.04.01"]
[Round "5"]
[White "Hardt, Bernd"]
[Black "Siering, Martin"]
[Result "1/2-1/2"]
[WhiteElo "1831"]
[BlackElo "1725"]
[PlyCount "40"]
[EventDate "2007.03.30"]
[EventType "tourn"]
[EventRounds "9"]
[EventCountry "GER"]
[SourceTitle "EXT 2009"]
[Source "ChessBase"]
[SourceDate "2008.11.26"]
[SourceVersion "1"]
[SourceVersionDate "2008.11.26"]
[SourceQuality "1"]

1. Nf3 e6 2. d4 Nf6 3. c4 Bb4+ 4. Bd2 Bxd2+ 5. Qxd2 d6 6. Nc3 Nbd7 7. e4 e5 8. 0-0-0 exd4 9. Qxd4 0-0 10. g4 Nc5 11. g5 Bg4 12. Rg1 Bxf3 13. gxf6 Ne6 14. Rxg7+ Nxg7 15. Be2 Bxe2 16. Rg1 Bh5 17. Rxg7+ Kh8 18. Nd5 Qd7 19. Qe3 Qe6 20. Qh6 Qxe4 1/2-1/2

[Event "SVR-ch MAT-II 30th"]
[Site "Nickenich"]
[Date "2007.03.31"]
[Round "2"]
[White "Braemigk, Uwe"]
[Black "Hardt, Bernd"]
[Result "1-0"]
[WhiteElo "2034"]
[BlackElo "1831"]
[PlyCount "89"]
[EventDate "2007.03.30"]
[EventType "tourn"]
[EventRounds "9"]
[EventCountry "GER"]
[SourceTitle "EXT 2009"]
[Source "ChessBase"]
[SourceDate "2008.11.26"]
[SourceVersion "1"]
[SourceVersionDate "2008.11.26"]
[SourceQuality "1"]

1. e4 c6 2. d4 d5 3. exd5 cxd5 4. Bd3 Nf6 5. Nd2 Nc6 6. c3 e6 7. Ngf3 Bd6 8. 0-0 0-0 9. Re1 Qc7 10. Qe2 Bf4 11. g3 Bh6 12. Ne5 b6 13. Ndf3 Bxc1 14. Raxc1 Bb7 15. Bb1 Nxe5 16. dxe5 Ne4 17. Qd3 g6 18. Qe3 Qc5 19. Nd4 Qe7 20. f3 Nc5 21. Qh6 Ba6 22. Re3 Rfc8 23. f4 Qf8 24. Qh4 Qd8 25. Qg4 Ne4 26. Bxe4 dxe4 27. f5 exf5 28. Nxf5 h5 29. Nh6+ Kg7 30. Qf4 Qe7 31. g4 hxg4 32. Nxg4 Rh8 33. Rxe4 Rad8 34. Rd4 Rxd4 35. cxd4 g5 36. Qf6+ Qxf6 37. Nxf6 Rc8 38. Rxc8 Bxc8 39. Kf2 Kf8 40. Ke3 Ke7 41. Ke4 Bh3 42. d5 a6 43. d6+ Ke6 44. Nh7 Bg2+ 45. Kd4 1-0

[Event "SVR-ch MTB 29th"]
[Site "Koblenz"]
[Date "2006.04.09"]
[Round "4"]
[White "Hardt, Bernd"]
[Black "Hastrich, Julian"]
[Result "0-1"]
[WhiteElo "1783"]
[BlackElo "2104"]
[PlyCount "80"]
[EventDate "2006.04.07"]
[EventType "tourn"]
[EventRounds "9"]
[EventCountry "GER"]
[SourceTitle "EXT 2009"]
[Source "ChessBase"]
[SourceDate "2008.11.26"]
[SourceVersion "1"]
[SourceVersionDate "2008.11.26"]
[SourceQuality "1"]

1. Nf3 d5 2. d4 c6 3. c4 Bf5 4. g3 e6 5. Bg2 Nf6 6. 0-0 Bd6 7. Qb3 Qb6 8. Nc3 0-0 9. Qxb6 axb6 10. cxd5 exd5 11. Nh4 Bg6 12. Nxg6 hxg6 13. e4 dxe4 14. Nxe4 Nxe4 15. Bxe4 Nd7 16. Be3 Nf6 17. Bf3 Be7 18. Rfc1 Rfd8 19. Kf1 Nd5 20. Ke2 Bf6 21. Rc4 b5 22. Rc5 Nb4 23. a3 Bxd4 24. Bxd4 Rxd4 25. Re5 Rd7 26. Rd1 Rxd1 27. Kxd1 Nd3 28. Re7 Nxb2+ 29. Kc2 Nc4 30. Rxb7 Ne5 31. Be4 Rxa3 32. f4 Re3 33. Bh1 Re2+ 34. Kc3 Rxh2 35. Be4 Re2 36. Bh1 Re1 37. Bg2 Ng4 38. Kd4 Rc1 39. Rc7 Rc4+ 40. Kd3 c5 0-1

[Event "SVR-ch MTB 29th"]
[Site "Koblenz"]
[Date "2006.04.08"]
[Round "2"]
[White "Hardt, Bernd"]
[Black "Dany, Alexander"]
[Result "0-1"]
[WhiteElo "1783"]
[BlackElo "1966"]
[PlyCount "66"]
[EventDate "2006.04.07"]
[EventType "tourn"]
[EventRounds "9"]
[EventCountry "GER"]
[SourceTitle "EXT 2009"]
[Source "ChessBase"]
[SourceDate "2008.11.26"]
[SourceVersion "1"]
[SourceVersionDate "2008.11.26"]
[SourceQuality "1"]

1. Nf3 c5 2. c4 e6 3. d4 d5 4. g3 Nc6 5. Bg2 Nf6 6. 0-0 Be7 7. cxd5 exd5 8. Nc3 0-0 9. Bg5 c4 10. Ne5 Be6 11. b3 cxb3 12. Nxc6 bxc6 13. Qxb3 h6 14. Bf4 c5 15. Qd1 Qa5 16. Qd2 Kh8 17. h3 cxd4 18. Qxd4 Rac8 19. Bd2 Bb4 20. Nb1 Rc4 21. Bxb4 Rxb4 22. Qd2 Qb6 23. Nc3 d4 24. Ne4 Nxe4 25. Bxe4 Rb2 26. Qf4 Rxe2 27. Rfb1 Rb2 28. Rxb2 Qxb2 29. Rb1 Qxa2 30. Qd6 Rc8 31. Rb8 f5 32. Rxc8+ Bxc8 33. Qf8+ Qg8 0-1

[Event "Koblenz-ch"]
[Site "Koblenz"]
[Date "2004.10.19"]
[Round "4"]
[White "Hardt, Bernd"]
[Black "Petersen, Kay"]
[Result "1/2-1/2"]
[WhiteElo "1812"]
[BlackElo "1510"]
[PlyCount "140"]
[EventDate "2004.09.21"]
[EventType "swiss"]
[EventRounds "7"]
[EventCountry "GER"]
[SourceTitle "EXT 2005"]
[Source "ChessBase"]
[SourceDate "2004.11.15"]
[SourceVersion "1"]
[SourceVersionDate "2004.11.15"]
[SourceQuality "1"]

1. Nf3 g6 2. d4 d5 3. c4 Nf6 4. Nc3 e6 5. Bf4 Bg7 6. Qa4+ Nbd7 7. Nb5 0-0 8. Bxc7 Qe8 9. Bd6 Nb6 10. Qc2 Qd7 11. Bxf8 Bxf8 12. Ne5 Bb4+ 13. Kd1 Qe7 14. f3 a6 15. c5 Nbd7 16. Nxd7 Bxd7 17. Nd6 Bc6 18. e3 Ba5 19. Qf2 Ne8 20. Nxe8 Rxe8 21. Bd3 e5 22. Kc2 exd4 23. exd4 Qf6 24. Rad1 Ba4+ 25. b3 Bd7 26. g4 Qf4 27. Rhf1 Re3 28. Be2 f5 29. Rd3 Re8 30. Rdd1 Rf8 31. gxf5 Bxf5+ 32. Bd3 Bh3 33. Rg1 Qxf3 34. Qxf3 Rxf3 35. b4 Bc7 36. Rd2 Kf7 37. Re1 Bd7 38. Rf1 Ba4+ 39. Kc3 Rxf1 40. Bxf1 Bf4 41. Rf2 g5 42. h4 h6 43. hxg5 hxg5 44. Bh3 Bb5 45. Bc8 Bc6 46. Re2 Bg3 47. Re6 Bf4 48. Rh6 Kg7 49. Rxc6 bxc6 50. Bd7 Kf6 51. Bxc6 Ke6 52. b5 axb5 53. Bxb5 g4 54. Be2 g3 55. Bf3 Be3 56. a4 Bf2 57. Kd3 Be1 58. Bg2 Ba5 59. Ke3 Bc3 60. Bh3+ Ke7 61. Kf3 Bxd4 62. c6 Be5 63. a5 Kd8 64. a6 Bb8 65. Be6 d4 66. Bd5 d3 67. Ke3 Kc7 68. Kxd3 Kb6 69. c7 Bxc7 70. Bg2 Kxa6 1/2-1/2

[Event "Koblenz-ch"]
[Site "Koblenz"]
[Date "2004.10.05"]
[Round "3"]
[White "Buzov, Boris"]
[Black "Hardt, Bernd"]
[Result "1-0"]
[WhiteElo "2234"]
[BlackElo "1812"]
[PlyCount "23"]
[EventDate "2004.09.21"]
[EventType "swiss"]
[EventRounds "7"]
[EventCountry "GER"]
[SourceTitle "EXT 2005"]
[Source "ChessBase"]
[SourceDate "2004.11.15"]
[SourceVersion "1"]
[SourceVersionDate "2004.11.15"]
[SourceQuality "1"]

1. e4 c5 2. Nf3 d6 3. Bb5+ Bd7 4. Bxd7+ Qxd7 5. 0-0 g6 6. c3 Bg7 7. d4 e6 8. Na3 a6 9. Nc4 Qc7 10. dxc5 dxc5 11. Qd6 Qc6 12. Rd1 1-0

[Event "Koblenz-ch"]
[Site "Koblenz"]
[Date "2003.11.18"]
[Round "6"]
[White "Graw, Rolf"]
[Black "Hardt, Bernd"]
[Result "0-1"]
[WhiteElo "1656"]
[BlackElo "1798"]
[PlyCount "68"]
[EventDate "2003.09.23"]
[EventType "swiss"]
[EventRounds "7"]
[EventCountry "GER"]
[SourceTitle "EXT 2005"]
[Source "ChessBase"]
[SourceDate "2004.11.15"]
[SourceVersion "1"]
[SourceVersionDate "2004.11.15"]
[SourceQuality "1"]

1. d4 Nf6 2. c4 e6 3. Nc3 Bb4 4. Bd2 0-0 5. e3 c5 6. d5 exd5 7. Nxd5 Nxd5 8. cxd5 Bxd2+ 9. Qxd2 d6 10. Nf3 Bf5 11. Bd3 Bxd3 12. Qxd3 Qa5+ 13. Nd2 Nd7 14. 0-0 Ne5 15. Qc2 Rfc8 16. b3 Qd8 17. Qe4 Qd7 18. Rad1 b5 19. f4 Ng4 20. f5 Nf6 21. Qd3 Re8 22. e4 Rac8 23. Rc1 Qb7 24. Rfe1 Nd7 25. Qg3 Qc7 26. Rf1 f6 27. Rf4 Ne5 28. Rh4 Qa5 29. Rc2 Qb4 30. Qh3 Qd4+ 31. Kf1 Nd3 32. Nf3 Qa1+ 33. Ke2 c4 34. Rxh7 Nf4+ 0-1

[Event "Rheinland-ch MAT B"]
[Site "Koblenz"]
[Date "2003.04.18"]
[Round "8"]
[White "Hardt, Bernd"]
[Black "Buzov, Boris"]
[Result "0-1"]
[WhiteElo "1830"]
[BlackElo "2048"]
[PlyCount "182"]
[EventDate "2003.04.11"]
[EventType "tourn"]
[EventRounds "9"]
[EventCountry "GER"]
[SourceTitle "EXT 2004"]
[Source "ChessBase"]
[SourceDate "2003.11.25"]
[SourceVersion "1"]
[SourceVersionDate "2003.11.25"]
[SourceQuality "1"]

1. e4 e5 2. Nf3 Nc6 3. Bc4 Bc5 4. b4 Bxb4 5. c3 Ba5 6. d4 d6 7. Ng5 Nh6 8. Qa4 a6 9. Bd5 Bb6 10. Bxc6+ bxc6 11. Qxc6+ Bd7 12. Qc4 exd4 13. cxd4 Qf6 14. Nf3 Bb5 15. Qc3 Qg6 16. a4 Qxe4+ 17. Be3 Bd7 18. 0-0 0-0 19. a5 Ba7 20. Qxc7 Qc6 21. Rc1 Qxc7 22. Rxc7 Bg4 23. Nbd2 Nf5 24. h3 Nxe3 25. fxe3 Bb8 26. Rc3 Bd7 27. Rac1 Ra7 28. Nb3 Rb7 29. Nfd2 f6 30. Nc4 Rb4 31. Nbd2 Rc8 32. Nb6 Rd8 33. Nxd7 Rxd7 34. Rb3 Rxb3 35. Nxb3 Rb7 36. Rc3 Bc7 37. Kf1 Kf7 38. Ke2 Ke6 39. Kd3 Kd7 40. d5 Rb5 41. e4 Bxa5 42. Nxa5 Rxa5 43. Rc6 f5 44. Rb6 Ke7 45. exf5 Rxd5+ 46. Ke4 Re5+ 47. Kf4 Ra5 48. g4 h6 49. Rb7+ Kf6 50. h4 Ra4+ 51. Kg3 a5 52. Rd7 Rd4 53. Rd8 h5 54. gxh5 Kxf5 55. Rf8+ Ke6 56. h6 gxh6 57. Rh8 Kf5 58. Rxh6 Rd3+ 59. Kf2 a4 60. Rh5+ Ke4 61. Ra5 a3 62. Ra4+ Ke5 63. Ke2 Rh3 64. Kf2 d5 65. Kg2 Rb3 66. h5 Rb2+ 67. Kg3 a2 68. Ra6 d4 69. h6 Rb3+ 70. Kg2 Ke4 71. Re6+ Kf4 72. Rf6+ Ke4 73. Re6+ Kd3 74. Ra6 Rb2+ 75. Kg3 Rb6 76. Rxa2 Rxh6 77. Ra5 Ke4 78. Kf2 Rb6 79. Ke1 Ke3 80. Re5+ Kd3 81. Re8 Rb1+ 82. Kf2 Rb2+ 83. Ke1 Rh2 84. Re7 Rh1+ 85. Kf2 Kd2 86. Re2+ Kd1 87. Re8 d3 88. Rd8 d2 89. Rd7 Rh2+ 90. Kf1 Rh4 91. Rd8 Rf4+ 0-1

[Event "Heimbach Weis op"]
[Site "Heimbach Weis"]
[Date "2002.03.22"]
[Round "1"]
[White "Hardt, Bernd"]
[Black "Reifenroether, Michael"]
[Result "0-1"]
[WhiteElo "1831"]
[BlackElo "1746"]
[PlyCount "80"]
[EventDate "2002.03.22"]
[EventType "swiss"]
[EventRounds "9"]
[EventCountry "GER"]
[SourceTitle "EXT 2007"]
[Source "ChessBase"]
[SourceDate "2006.11.23"]
[SourceVersion "1"]
[SourceVersionDate "2006.11.23"]
[SourceQuality "1"]

1. Nf3 d5 2. d4 e6 3. c4 c6 4. Nc3 Nf6 5. Bg5 Nbd7 6. e3 Qa5 7. Nd2 Bb4 8. Qc2 Ne4 9. Ndxe4 dxe4 10. h4 e5 11. dxe5 Nxe5 12. Rc1 Bf5 13. a3 Bxc3+ 14. Qxc3 Qxc3+ 15. Rxc3 f6 16. Bf4 Nf7 17. c5 Be6 18. Bc4 Bxc4 19. Rxc4 f5 20. Rb4 0-0-0 21. g4 g6 22. Rg1 Rhg8 23. gxf5 gxf5 24. Rxg8 Rxg8 25. Kf1 Rd8 26. Rd4 Rxd4 27. exd4 Kd7 28. Ke2 Ke6 29. Ke3 Kd5 30. b3 Nd8 31. h5 Ne6 32. Be5 Nxc5 33. Kf4 Nxb3 34. Kxf5 Nxd4+ 35. Kf6 Ne6 36. Bb8 a5 37. h6 b5 38. Kf7 b4 39. axb4 axb4 40. Kf6 b3 0-1

[Event "Koblenz-ch"]
[Site "Koblenz"]
[Date "1999.10.05"]
[Round "3"]
[White "Hardt, Bernd"]
[Black "Landsrath, Mario"]
[Result "0-1"]
[WhiteElo "1878"]
[BlackElo "1734"]
[PlyCount "65"]
[EventDate "1999.08.31"]
[EventType "swiss"]
[EventRounds "7"]
[EventCountry "GER"]
[SourceTitle "EXT 2005"]
[Source "ChessBase"]
[SourceDate "2004.11.15"]
[SourceVersion "1"]
[SourceVersionDate "2004.11.15"]
[SourceQuality "1"]

1. e4 e5 2. Nf3 f5 3. Nxe5 Nc6 4. Nxc6 dxc6 5. Bc4 Qh4 6. Qe2 f4 7. d3 Bg4 8. Qd2 Bd6 9. Qc3 0-0-0 10. Bxg8 Rhxg8 11. Nd2 Bh5 12. Qa5 Kb8 13. Nf3 Bxf3 14. gxf3 g6 15. h3 Rge8 16. Qd2 c5 17. Qe2 Be5 18. c3 Rd7 19. Bd2 Red8 20. 0-0-0 Rxd3 21. Kc2 Qf6 22. h4 h6 23. Rhg1 c4 24. Rg4 Qd6 25. Rgg1 Qf6 26. Rg4 b5 27. Rgg1 b4 28. cxb4 Bxb2 29. Kb1 Qd4 30. Kc2 Ba3 31. Bc1 Qc3+ 32. Kb1 Qxb4+ 33. Ka1 0-1

[Event "SVR-op"]
[Site "Nickenich"]
[Date "1998.04.??"]
[Round "3"]
[White "Drescher, Werner"]
[Black "Hardt, Bernd"]
[Result "0-1"]
[WhiteElo "1765"]
[BlackElo "1905"]
[PlyCount "116"]
[EventDate "1998.04.??"]
[EventType "swiss"]
[EventRounds "7"]
[EventCountry "GER"]
[SourceTitle "EXT 2000"]
[Source "ChessBase"]
[SourceDate "1999.11.16"]
[SourceVersion "1"]
[SourceVersionDate "1999.11.16"]
[SourceQuality "1"]

1. e4 c5 2. Nf3 d6 3. d4 cxd4 4. Nxd4 Nf6 5. Nc3 a6 6. g3 e6 7. Bg2 Nc6 8. 0-0 Qc7 9. a4 Be7 10. h3 Bd7 11. Nde2 Nb4 12. Be3 Bc6 13. f4 d5 14. e5 Ne4 15. Kh2 b6 16. Bd4 Rd8 17. Rf3 0-0 18. Re3 Nc5 19. g4 Bb7 20. Ng3 Nc6 21. Nce2 Nxd4 22. Nxd4 Rfe8 23. Rc3 Qd7 24. b3 Ne4 25. Rf3 Bb4 26. Qd3 Qc7 27. Nge2 Bf8 28. Rc1 Nc5 29. Qd2 Ne4 30. Qd3 Nc5 31. Qd2 Qb8 32. Qc3 Nd7 33. Rff1 Rc8 34. Qg3 g6 35. h4 Bg7 36. Nf3 Nc5 37. h5 Ne4 38. Qh4 Bf8 39. hxg6 hxg6 40. Ng5 Nxg5 41. Qxg5 Qc7 42. c4 Ba3 43. Rc3 Bb4 44. Rh3 Bf8 45. Qh4 Bg7 46. cxd5 exd5 47. Rc1 Qd7 48. Rcc3 Rxc3 49. Rxc3 Rc8 50. Rxc8+ Qxc8 51. Nd4 Qc5 52. Qf2 Bc8 53. g5 Be6 54. Kg3 Bd7 55. Qe3 Bf8 56. Kf3 Qb4 57. e6 fxe6 58. Nxe6 Qe4+ 0-1

[Event "SVR-op"]
[Site "Nickenich"]
[Date "1998.04.??"]
[Round "1"]
[White "Ley, Reinhard"]
[Black "Hardt, Bernd"]
[Result "1/2-1/2"]
[WhiteElo "1645"]
[BlackElo "1905"]
[PlyCount "61"]
[EventDate "1998.04.??"]
[EventType "swiss"]
[EventRounds "7"]
[EventCountry "GER"]
[SourceTitle "EXT 2000"]
[Source "ChessBase"]
[SourceDate "1999.11.16"]
[SourceVersion "1"]
[SourceVersionDate "1999.11.16"]
[SourceQuality "1"]

1. d4 Nf6 2. Nf3 g6 3. e3 Bg7 4. c4 d6 5. Nc3 0-0 6. g3 c6 7. Bg2 Qa5 8. 0-0 Na6 9. a3 c5 10. Bd2 Be6 11. Nd5 Qd8 12. Nxf6+ Bxf6 13. Qc2 Qc8 14. d5 Bg4 15. Bc3 Nc7 16. Bxf6 exf6 17. Qc3 Bxf3 18. Bxf3 f5 19. Rfe1 b5 20. b4 Rb8 21. bxc5 dxc5 22. Rab1 Qd7 23. Rec1 Rfe8 24. Be2 bxc4 25. Rxb8 Rxb8 26. Bxc4 Nxd5 27. Bxd5 Qxd5 28. Qxc5 Qd2 29. Qc2 Qxc2 30. Rxc2 Rb3 31. a4 1/2-1/2